[Event "Olimpiada Calviá 2004"]
[Site "Calviá ESP"]
[Date "2004.10.27"]
[Round "12.23"]
[White "Elsness, Frode"]
[Black "Ziyaev, Negmat"]
[Result "1-0"]
[WhiteElo "2425"]
[BlackElo "2295"]
[PlyCount "91"]
[EventDate "2004.10.15"]
[EventType "team"]
[EventRounds "14"]
[EventCountry "ESP"]
[Source "lmi"]
[SourceDate "2004.10.27"]

1. d4 d5 2. c4 e6 3. Nc3 c5 4. cxd5 exd5 5. Nf3 Nc6 6. g3 Nf6 7. Bg2 Be7 8. O-O
O-O 9. Bg5 cxd4 10. Nxd4 h6 11. Be3 Ne5 12. b3 Re8 13. Rc1 Qa5 14. Ncb5 Nc6 15.
Nxc6 bxc6 16. Nd4 Bd7 17. Nxc6 Bxc6 18. Rxc6 Qxa2 19. Qd3 Rab8 20. Ra6 Qxb3 21.
Qxb3 Rxb3 22. Rxa7 Rb2 23. Rc1 Rxe2 24. Bf1 Rxe3 25. fxe3 Bb4 26. Rc2 Ng4 27.
Rb7 Nxe3 28. Rcc7 Bf8 29. Rxf7 Ng4 30. Bb5 Ra8 31. h3 Ne5 32. Rfc7 Ra3 33. Kf2
d4 34. Rb8 Ra2+ 35. Kf1 Ra1+ 36. Ke2 Ra2+ 37. Kd1 Rf2 38. Re7 Ng6 39. Ree8 Rf3
40. Bc6 Rxg3 41. Be4 Kf7 42. Bxg6+ Kxg6 43. Rxf8 Rxh3 44. Rb6+ Kh5 45. Rf5+ Kg4
46. Rd5 1-0

[Event "Olimpiada Calviá 2004"]
[Site "Calviá ESP"]
[Date "2004.10.27"]
[Round "12.24"]
[White "Torre, Eugenio"]
[Black "Wu, Shaobin"]
[Result "1-0"]
[WhiteElo "2518"]
[BlackElo "2504"]
[PlyCount "127"]
[EventDate "2004.10.15"]
[EventType "team"]
[EventRounds "14"]
[EventCountry "ESP"]
[Source "lmi"]
[SourceDate "2004.10.27"]

1. e4 c5 2. Nf3 d6 3. c3 Nf6 4. Be2 Nbd7 5. d3 b6 6. Nbd2 Bb7 7. O-O g6 8. Re1
Bg7 9. Bf1 O-O 10. d4 cxd4 11. cxd4 e5 12. d5 a5 13. Nb1 Nc5 14. Nc3 Ne8 15.
Be3 f5 16. Ng5 Qe7 17. Bxc5 bxc5 18. Ne6 Rf7 19. Bc4 f4 20. a3 Bc8 21. b4 axb4
22. axb4 Rxa1 23. Qxa1 cxb4 24. Nb5 Bf6 25. Qa5 Qb7 26. Rb1 Qb8 27. Qa4 Rb7 28.
Rxb4 Bd7 29. Rb3 Bxb5 30. Rxb5 Rxb5 31. Bxb5 Nc7 32. Bf1 Nxe6 33. dxe6 Be7 34.
g3 fxg3 35. hxg3 Kg7 36. Kg2 Qb7 37. Ba6 Qa8 38. Qc4 Kf6 39. Bb5 Qb7 40. Bd7
Kg7 41. Bc6 Qc8 42. Qd5 Kf6 43. Bd7 Qb8 44. Qd3 Kg7 45. Bc6 Qc7 46. Bd5 Bd8 47.
Qb5 Bf6 48. Qe8 Qe7 49. Qc6 Qd8 50. Kh3 Qe7 51. Kg4 Qd8 52. Kf3 Be7 53. Ke2 Qb8
54. Qc3 Qb5+ 55. Kf3 Qb8 56. Kg2 Bf6 57. Qc6 Be7 58. Qa4 Kf8 59. Qd7 Qd8 60.
Qb7 Kg7 61. f4 exf4 62. gxf4 Kf8 63. Kf3 Qa5 64. Qa8+ 1-0

[Event "Olimpiada Calviá 2004"]
[Site "Calviá ESP"]
[Date "2004.10.27"]
[Round "12.24"]
[White "Wong, Meng-Kong"]
[Black "Antonio, Rogelio"]
[Result "0-1"]
[WhiteElo "2470"]
[BlackElo "2524"]
[PlyCount "120"]
[EventDate "2004.10.15"]
[EventType "team"]
[EventRounds "14"]
[EventCountry "ESP"]
[Source "lmi"]
[SourceDate "2004.10.27"]

1. d4 Nf6 2. c4 e6 3. Nf3 c5 4. d5 exd5 5. cxd5 Bd6 6. Nc3 a6 7. a4 O-O 8. Bg5
Re8 9. e3 h6 10. Bh4 Bc7 11. d6 Ba5 12. Bc4 g5 13. Bg3 Ne4 14. O-O Bxc3 15.
bxc3 Qf6 16. Nd2 Nxc3 17. Qc2 b5 18. axb5 Bb7 19. bxa6 Nxa6 20. Rac1 Ne4 21.
Nxe4 Bxe4 22. Qd2 Reb8 23. f3 Bc6 24. Rf2 Nb4 25. Bf1 Ra2 26. Qe1 Ra5 27. Rd2
Rba8 28. e4 Bb5 29. Bxb5 Rxb5 30. h4 Ra3 31. hxg5 hxg5 32. Qf1 Rba5 33. Bf2 Ra1
34. Rxa1 Rxa1 35. Rd1 Rxd1 36. Qxd1 Qc3 37. f4 Nd3 38. fxg5 c4 39. g6 fxg6 40.
Qg4 Qa1+ 41. Kh2 Qe5+ 42. Kg1 Qxd6 43. Bg3 Qd4+ 44. Kf1 Kg7 45. Qg5 Qxe4 46.
Qd8 Qe6 47. Qc7 g5 48. Qa5 Kg6 49. Qc7 Qf6+ 50. Ke2 Qd4 51. Qc8 Qg4+ 52. Kd2
Qxg3 53. Qe8+ Kf6 54. Qf8+ Ke6 55. Qg8+ Ke5 56. Qe8+ Kd5 57. Qa8+ Kd4 58. Qa1+
Ke4 59. Qa8+ d5 60. Qe8+ Ne5 0-1

[Event "Olimpiada Calviá 2004"]
[Site "Calviá ESP"]
[Date "2004.10.27"]
[Round "12.24"]
[White "Goh, Weiming"]
[Black "Laylo, Darwin"]
[Result "0-1"]
[WhiteElo "2353"]
[BlackElo "2328"]
[PlyCount "110"]
[EventDate "2004.10.15"]
[EventType "team"]
[EventRounds "14"]
[EventCountry "ESP"]
[Source "lmi"]
[SourceDate "2004.10.27"]

1. e4 d5 2. exd5 Nf6 3. Bb5+ Bd7 4. Be2 Nxd5 5. d4 Bf5 6. Nf3 e6 7. O-O Bd6 8.
c4 Nf6 9. Qb3 Qc8 10. Nc3 O-O 11. Nb5 Be7 12. Bf4 Na6 13. Rfd1 Nh5 14. Be3 Nf6
15. Rac1 Ne4 16. Bf4 c6 17. Nc3 Nxc3 18. Qxc3 Nc7 19. Qa5 Bd8 20. Qa3 Re8 21.
Bd6 Bf6 22. Ne5 Qd8 23. Bf3 Be7 24. Bxe7 Qxe7 25. Qb3 Rab8 26. Bh5 Bg6 27. Bxg6
hxg6 28. Rc3 Rf8 29. Rf3 Na6 30. Re1 Rbd8 31. Re4 Qb4 32. Rh3 Qxb3 33. axb3 g5
34. f4 g4 35. Rg3 f5 36. Re2 Rxd4 37. h3 Rfd8 38. hxg4 Rxf4 39. gxf5 Rd1+ 40.
Kh2 Rh4+ 41. Rh3 Rxh3+ 42. Kxh3 exf5 43. Rf2 Nc5 44. Rxf5 Nxb3 45. Rf7 Nc5 46.
Rc7 a5 47. Rc8+ Kh7 48. Ra8 a4 49. g4 Nd3 50. Nf3 Nxb2 51. g5 Nxc4 52. Kg4 a3
53. Kf5 Rd5+ 54. Ke6 Ra5 55. Rb8 a2 0-1

[Event "Olimpiada Calviá 2004"]
[Site "Calviá ESP"]
[Date "2004.10.27"]
[Round "12.25"]
[White "Dao, Thien Hai"]
[Black "Rahman, Ziaur"]
[Result "1-0"]
[WhiteElo "2601"]
[BlackElo "2535"]
[PlyCount "91"]
[EventDate "2004.10.15"]
[EventType "team"]
[EventRounds "14"]
[EventCountry "ESP"]
[Source "lmi"]
[SourceDate "2004.10.27"]

1. d4 e6 2. c4 b6 3. Nc3 Bb7 4. a3 f5 5. d5 Nf6 6. Nf3 Be7 7. g3 O-O 8. Bg2 Ne4
9. Nxe4 fxe4 10. Nd2 exd5 11. cxd5 Bxd5 12. Nxe4 Bc6 13. h4 a5 14. Qb3+ Kh8 15.
Qc2 Qe8 16. Be3 Qh5 17. O-O-O Na6 18. Bf3 Qg6 19. h5 Qf7 20. h6 g6 21. Rh4 b5
22. Rf4 Qc4 23. Qxc4 bxc4 24. Nc3 Rxf4 25. Bxc6 dxc6 26. Bxf4 Nc5 27. Bxc7 Kg8
28. Bd6 Nd3+ 29. exd3 Bxd6 30. dxc4 Bf8 31. Kc2 Bxh6 32. Rd7 Bg7 33. Rc7 Bd4
34. f4 Re8 35. Rxc6 Bxc3 36. Kxc3 Re3+ 37. Kd4 Rxg3 38. b4 h5 39. b5 Kg7 40.
Re6 Rb3 41. a4 Rb4 42. Kd5 Rxa4 43. c5 Rb4 44. b6 a4 45. Kc6 h4 46. Re1 1-0

[Event "Olimpiada Calviá 2004"]
[Site "Calviá ESP"]
[Date "2004.10.27"]
[Round "12.25"]
[White "Reefat, Bin-Sattar"]
[Black "Nguyen, Anh Dung"]
[Result "1/2-1/2"]
[WhiteElo "2462"]
[BlackElo "2567"]
[PlyCount "64"]
[EventDate "2004.10.15"]
[EventType "team"]
[EventRounds "14"]
[EventCountry "ESP"]
[Source "lmi"]
[SourceDate "2004.10.27"]

1. e4 e5 2. Nf3 Nf6 3. d4 Nxe4 4. Bd3 d5 5. Nxe5 Nd7 6. Nc3 Nxe5 7. dxe5 Nxc3
8. bxc3 Bc5 9. O-O Be6 10. Rb1 Bb6 11. a4 Qd7 12. Ba3 O-O-O 13. Bb5 c6 14. Bd3
Rhe8 15. Bd6 Bc7 16. Bc5 Bg4 17. f3 Bf5 18. Bxa7 Rxe5 19. a5 Bxa5 20. Bd4 Bxd3
21. Qxd3 Re6 22. Ra1 Qc7 23. Rfb1 Rde8 24. Bf2 b5 25. Qd4 Re2 26. Qc5 R8e6 27.
Qa3 Rxf2 28. Qf8+ Kb7 29. Kxf2 Qf4 30. Rxa5 Qe3+ 31. Kf1 Qe2+ 32. Kg1 Qe3+
1/2-1/2

[Event "Olimpiada Calviá 2004"]
[Site "Calviá ESP"]
[Date "2004.10.27"]
[Round "12.25"]
[White "Tu, Hoang Thong"]
[Black "Hossain, Enamul"]
[Result "1-0"]
[WhiteElo "2499"]
[BlackElo "2413"]
[PlyCount "93"]
[EventDate "2004.10.15"]
[EventType "team"]
[EventRounds "14"]
[EventCountry "ESP"]
[Source "lmi"]
[SourceDate "2004.10.27"]

1. d4 d5 2. Nf3 Nf6 3. Bf4 g6 4. e3 Bg7 5. Be2 O-O 6. O-O c5 7. c3 b6 8. Nbd2
Bb7 9. h3 Nc6 10. Rc1 a6 11. dxc5 bxc5 12. Qb3 Qc8 13. Rfd1 Re8 14. Bh2 e6 15.
c4 d4 16. exd4 Nxd4 17. Nxd4 cxd4 18. Bf3 Ra7 19. Qb6 Qa8 20. Qxd4 Nd7 21. Qe3
Bxf3 22. Nxf3 Bxb2 23. Rc2 Bg7 24. c5 Nf6 25. c6 Nd5 26. Qb3 Rc8 27. Bg3 Ne7
28. c7 Nd5 29. Qb8 Bf6 30. Qxa8 Raxa8 31. Rb1 Re8 32. Nd2 Be7 33. Nc4 f6 34.
Nb6 Nxb6 35. Rxb6 e5 36. f4 e4 37. f5 Rac8 38. Rxa6 Kf7 39. Rb6 Bf8 40. a4 gxf5
41. Bf4 Kg6 42. a5 e3 43. Rb8 Bc5 44. Kf1 Ba7 45. Rxc8 Rxc8 46. Ke2 Kf7 47.
Bxe3 1-0

[Event "Olimpiada Calviá 2004"]
[Site "Calviá ESP"]
[Date "2004.10.27"]
[Round "12.26"]
[White "Erdogdu, Mert"]
[Black "Cvitan, Ognjen"]
[Result "1/2-1/2"]
[WhiteElo "2393"]
[BlackElo "2532"]
[PlyCount "105"]
[EventDate "2004.10.15"]
[EventType "team"]
[EventRounds "14"]
[EventCountry "ESP"]
[Source "lmi"]
[SourceDate "2004.10.27"]

1. e4 c5 2. Nf3 e6 3. d4 cxd4 4. Nxd4 a6 5. c4 Nf6 6. Nc3 Qc7 7. a3 Nc6 8. Be3
Ne5 9. Be2 Ng6 10. O-O b6 11. f4 Bb7 12. e5 Ne4 13. Na4 Nc5 14. b4 Nxa4 15.
Qxa4 Be7 16. Rac1 O-O 17. Bf3 f6 18. f5 Bxf3 19. fxg6 Be4 20. gxh7+ Kxh7 21.
exf6 Rxf6 22. Rxf6 Bxf6 23. Qd1 Rf8 24. Qg4 Bb7 25. Nf3 Kg8 26. Rf1 Bb2 27. Bd4
Bxd4+ 28. Qxd4 Rf4 29. Qe5 Rxc4 30. Qh5 Bxf3 31. Rxf3 Rc1+ 32. Kf2 Qc2+ 33. Kg3
Qd2 34. Qf7+ Kh7 35. Qh5+ Qh6 36. Qxh6+ Kxh6 37. Rd3 Kg6 38. Rxd7 Rc3+ 39. Kf2
Rxa3 40. Rd6 Kf5 41. Rxb6 e5 42. h4 Kf4 43. g3+ Rxg3 44. Re6 Rb3 45. Rg6 Rxb4
46. Rxg7 Rb2+ 47. Ke1 Kf3 48. Rf7+ Ke3 49. Kf1 e4 50. Ra7 Rh2 51. Rxa6 Kf4 52.
Ke1 Rxh4 53. Ra3 1/2-1/2

[Event "Olimpiada Calviá 2004"]
[Site "Calviá ESP"]
[Date "2004.10.27"]
[Round "12.26"]
[White "Zelcic, Robert"]
[Black "Atakisi, Umut"]
[Result "1/2-1/2"]
[WhiteElo "2531"]
[BlackElo "2304"]
[PlyCount "85"]
[EventDate "2004.10.15"]
[EventType "team"]
[EventRounds "14"]
[EventCountry "ESP"]
[Source "lmi"]
[SourceDate "2004.10.27"]

1. e4 c5 2. Nf3 Nc6 3. Bb5 g6 4. O-O Bg7 5. c3 Nf6 6. d4 cxd4 7. cxd4 d5 8. Ne5
Bd7 9. Nxd7 Nxd7 10. Nc3 Nxd4 11. Bxd7+ Qxd7 12. Nxd5 Rd8 13. Bg5 Nc6 14. Qb3
h6 15. Bh4 g5 16. Bg3 O-O 17. Kh1 Nd4 18. Qd1 e6 19. Nc3 b5 20. a3 a5 21. f4 b4
22. axb4 axb4 23. fxg5 hxg5 24. Ne2 Qc6 25. Nxd4 Rxd4 26. Qh5 Qxe4 27. Qxg5 Rd5
28. Qc1 Rfd8 29. Bf4 Qe2 30. Rb1 Rf5 31. Re1 Qd3 32. h3 b3 33. Bh6 Qc2 34. Bxg7
Kxg7 35. Re3 Rd2 36. Rg3+ Kf8 37. Qe1 Rff2 38. Ra1 Rxg2 39. Ra8+ Ke7 40. Ra7+
Kf8 41. Ra8+ Ke7 42. Ra7+ Kf8 43. Ra8+ 1/2-1/2

[Event "Olimpiada Calviá 2004"]
[Site "Calviá ESP"]
[Date "2004.10.27"]
[Round "12.26"]
[White "Erturan, Yakup"]
[Black "Stevic, Hrvoje"]
[Result "1-0"]
[WhiteElo "2281"]
[BlackElo "2539"]
[PlyCount "99"]
[EventDate "2004.10.15"]
[EventType "team"]
[EventRounds "14"]
[EventCountry "ESP"]
[Source "lmi"]
[SourceDate "2004.10.27"]

1. e4 d5 2. exd5 Nf6 3. d4 Bg4 4. f3 Bf5 5. Bb5+ Nbd7 6. c4 e6 7. dxe6 Bxe6 8.
Nc3 a6 9. d5 Bf5 10. Ba4 Bc5 11. Qe2+ Qe7 12. Bf4 O-O-O 13. Qxe7 Bxe7 14. O-O-O
Nb6 15. Bb3 Nfd7 16. Nh3 Nc5 17. Nf2 Bd6 18. Bxd6 cxd6 19. Rd4 a5 20. Bc2 Bxc2
21. Kxc2 f5 22. b3 Rhe8 23. Rdd1 Nbd7 24. Nd3 Nxd3 25. Kxd3 Ne5+ 26. Kd2 Ng6
27. Rhg1 Kd7 28. f4 Ne7 29. Rde1 Ng8 30. Rxe8 Rxe8 31. Re1 Rc8 32. Kd3 Nf6 33.
Kd4 Ne8 34. Na4 Rc7 35. c5 Kd8 36. Re6 Re7 37. cxd6 Rxe6 38. dxe6 Nxd6 39. Ke5
Kc7 40. Nc3 Kc6 41. Nd5 Nc8 42. Ne3 g6 43. Nd5 b5 44. h3 a4 45. bxa4 bxa4 46.
Nc3 a3 47. Nb1 Kc7 48. Nxa3 Kd8 49. Nc4 Ke7 50. Ne3 1-0

[Event "Olimpiada Calviá 2004"]
[Site "Calviá ESP"]
[Date "2004.10.27"]
[Round "12.27"]
[White "Gonzalez Zamora, Juan Carlo"]
[Black "Oms Pallise, Josep"]
[Result "1-0"]
[WhiteElo "2524"]
[BlackElo "2508"]
[PlyCount "117"]
[EventDate "2004.10.15"]
[EventType "team"]
[EventRounds "14"]
[EventCountry "ESP"]
[Source "lmi"]
[SourceDate "2004.10.27"]

1. d4 d5 2. Nf3 c6 3. c4 Nf6 4. e3 Bg4 5. Bd3 e6 6. O-O Nbd7 7. Nbd2 Bh5 8. b3
Bd6 9. Bb2 O-O 10. Qc2 Qb8 11. Rac1 Re8 12. h3 Bg6 13. Bxg6 hxg6 14. a3 e5 15.
cxd5 cxd5 16. dxe5 Nxe5 17. Rfd1 a6 18. b4 Re7 19. Qb3 Qe8 20. Ng5 Ned7 21.
Ngf3 Ne5 22. Nxe5 Bxe5 23. Bxe5 Rxe5 24. Nf3 Re7 25. Rd4 Rc8 26. Rcd1 Rec7 27.
R4d3 Rc1 28. Nd4 Qe5 29. Ne2 R1c2 30. R3d2 Rxd2 31. Rxd2 g5 32. Rd1 g6 33. Nd4
Kg7 34. b5 a5 35. b6 Qd6 36. Nf3 Kh6 37. g4 Rc5 38. Qb2 Qd8 39. Kg2 Ne4 40. Qe5
Qf6 41. Rxd5 Qxe5 42. Rxe5 Rxe5 43. Nxe5 Nd6 44. Nd7 Kg7 45. Nc5 Kf6 46. f4 Nc4
47. Nxb7 Nxe3+ 48. Kf3 Nc4 49. Nc5 Nxb6 50. Ne4+ Ke7 51. fxg5 Nc4 52. a4 Ke6
53. h4 Kd5 54. Kf4 Ne5 55. h5 gxh5 56. gxh5 Ke6 57. Nc5+ Kd5 58. Kf5 Nf3 59.
Nb3 1-0

[Event "Olimpiada Calviá 2004"]
[Site "Calviá ESP"]
[Date "2004.10.27"]
[Round "12.27"]
[White "Simonet, Marc"]
[Black "Gonzalez Garcia, Jose"]
[Result "0-1"]
[WhiteElo "2300"]
[BlackElo "2447"]
[PlyCount "50"]
[EventDate "2004.10.15"]
[EventType "team"]
[EventRounds "14"]
[EventCountry "ESP"]
[Source "lmi"]
[SourceDate "2004.10.27"]

1. d4 Nf6 2. c4 c5 3. d5 e6 4. Nc3 exd5 5. cxd5 Bd6 6. e4 O-O 7. Be3 Re8 8. f3
a6 9. a4 Qe7 10. Nge2 Bc7 11. Ng3 d6 12. Be2 Nbd7 13. O-O Ne5 14. h3 Rb8 15.
Qd2 Bd7 16. Rfe1 b5 17. f4 Ng6 18. Bd3 Qd8 19. axb5 axb5 20. b4 cxb4 21. Na2
Bb6 22. f5 Ne5 23. Nxb4 Nc4 24. Bxc4 bxc4 25. Ra6 Ba5 0-1

[Event "Olimpiada Calviá 2004"]
[Site "Calviá ESP"]
[Date "2004.10.27"]
[Round "12.29"]
[White "Rohl, Juan"]
[Black "Moldobaev, Emelbek"]
[Result "1/2-1/2"]
[WhiteElo "2401"]
[BlackElo "2388"]
[PlyCount "66"]
[EventDate "2004.10.15"]
[EventType "team"]
[EventRounds "14"]
[EventCountry "ESP"]
[Source "lmi"]
[SourceDate "2004.10.27"]

1. e4 e5 2. Nf3 Nc6 3. Bc4 Bc5 4. c3 Nf6 5. d3 d6 6. Nbd2 a6 7. Bb3 O-O 8. Nf1
Be6 9. Ng3 d5 10. Qe2 h6 11. h3 Re8 12. O-O Qd7 13. Be3 Bxe3 14. Qxe3 dxe4 15.
dxe4 Bxb3 16. axb3 Rad8 17. b4 Qd3 18. Qxd3 Rxd3 19. Rfd1 Red8 20. Rxd3 Rxd3
21. Kf1 Kf8 22. Ke2 Rd8 23. Nd2 g6 24. Ngf1 Nh5 25. g3 Ng7 26. Nb3 Ne6 27. Nfd2
h5 28. h4 f6 29. Nc4 Rd7 30. Nc5 Nxc5 31. bxc5 Kf7 32. b4 Ke6 33. Ke3 Ke7
1/2-1/2

[Event "Olimpiada Calviá 2004"]
[Site "Calviá ESP"]
[Date "2004.10.27"]
[Round "12.29"]
[White "Ostos, Julio"]
[Black "Shukuraliev, Algis"]
[Result "1-0"]
[WhiteElo "2332"]
[BlackElo "2248"]
[PlyCount "76"]
[EventDate "2004.10.15"]
[EventType "team"]
[EventRounds "14"]
[EventCountry "ESP"]
[Source "lmi"]
[SourceDate "2004.10.27"]

1. e4 e5 2. Nf3 Nc6 3. Bb5 a6 4. Ba4 Nf6 5. d4 exd4 6. O-O Be7 7. Re1 b5 8. Bb3
d6 9. Bd5 Nxd5 10. exd5 Ne5 11. Nxd4 Bd7 12. a4 O-O 13. Nc3 b4 14. Nce2 Re8 15.
b3 Bf6 16. Bb2 c5 17. dxc6 Nxc6 18. Qd2 Qb6 19. Rab1 Re4 20. Nxc6 Bxb2 21. Nxb4
Rxb4 22. Rxb2 Bxa4 23. Rd1 Re8 24. Rbb1 Bc6 25. h3 Rbe4 26. Nf4 Bb7 27. Kh2
R4e5 28. Qxd6 Qxd6 29. Rxd6 Rf5 30. Re1 Rc8 31. Nd3 g6 32. c4 a5 33. Re7 Ba8
34. f4 Kg7 35. g4 Rf6 36. Rxf6 Kxf6 37. Ra7 Be4 38. Ne5 Rb8 1-0

[Event "Olimpiada Calviá 2004"]
[Site "Calviá ESP"]
[Date "2004.10.27"]
[Round "12.29"]
[White "Turpanov, Milan"]
[Black "Soto Paez, Oliver"]
[Result "0-1"]
[WhiteElo "2307"]
[BlackElo "2288"]
[PlyCount "86"]
[EventDate "2004.10.15"]
[EventType "team"]
[EventRounds "14"]
[EventCountry "ESP"]
[Source "lmi"]
[SourceDate "2004.10.27"]

1. d4 Nf6 2. c4 e6 3. Nc3 Bb4 4. Qc2 c5 5. dxc5 Bxc5 6. Nf3 a6 7. a3 Qc7 8. e3
b6 9. Bd3 Bb7 10. b4 Be7 11. Bb2 d6 12. O-O Nbd7 13. Ne4 Rc8 14. Rac1 O-O 15.
Rfd1 h6 16. Ned2 Qb8 17. Qb1 Rfd8 18. Bf1 Qa8 19. Nd4 Ne5 20. f3 Qb8 21. N2b3
Ned7 22. Rc2 d5 23. Rdc1 Bd6 24. g3 dxc4 25. Rxc4 Rxc4 26. Bxc4 Bxg3 27. f4 Bh4
28. b5 axb5 29. Bxb5 Nd5 30. Qd3 Nc5 31. Nxc5 bxc5 32. Rxc5 Nxf4 33. Qf1 Nd5
34. Qe2 Bg5 35. Bc1 Qe5 36. Nf3 Bxe3+ 37. Bxe3 Qxe3+ 38. Qxe3 Nxe3 39. Kf2 Nf5
40. a4 Nd6 41. Ke3 Nxb5 42. axb5 Rd5 43. Rxd5 Bxd5 0-1

[Event "Olimpiada Calviá 2004"]
[Site "Calviá ESP"]
[Date "2004.10.27"]
[Round "12.30"]
[White "Williams, Leighton"]
[Black "Van Der Stricht, Geert"]
[Result "0-1"]
[WhiteElo "2355"]
[BlackElo "2413"]
[PlyCount "104"]
[EventDate "2004.10.15"]
[EventType "team"]
[EventRounds "14"]
[EventCountry "ESP"]
[Source "lmi"]
[SourceDate "2004.10.27"]

1. e4 c5 2. Nf3 d6 3. d4 cxd4 4. Nxd4 Nf6 5. Nc3 a6 6. Bc4 e6 7. Bb3 Nbd7 8.
Bg5 Nc5 9. f4 Be7 10. Qf3 Qc7 11. O-O-O O-O 12. Rhe1 b5 13. e5 Bb7 14. exf6
Bxf3 15. fxe7 Bxd1 16. exf8=Q+ Rxf8 17. Rxd1 d5 18. Nce2 b4 19. Kb1 a5 20. c3
Ne4 21. Bh4 bxc3 22. Nb5 Qb8 23. Nbxc3 Nxc3+ 24. Nxc3 Qxf4 25. Bg3 Qb4 26. Be5
Qg4 27. Bd4 Rc8 28. g3 h5 29. Bb6 Rb8 30. Bxa5 d4 31. Bc2 dxc3 32. Bxc3 Qe2 33.
h4 Qe3 34. Rd3 Qg1+ 35. Bd1 Qf1 36. Rd2 e5 37. Kc2 e4 38. Be2 Qg1 39. Bc4 Rc8
40. b3 Qxg3 41. a4 Qxh4 42. a5 e3 43. Re2 Qe4+ 44. Bd3 Qe5 45. Bc4 Qf5+ 46. Kc1
Rxc4 47. bxc4 Qd3 48. Rc2 Qf1+ 49. Kb2 Qxc4 50. Rc1 h4 51. Ra1 Qa6 52. Rg1 f6
0-1

[Event "Olimpiada Calviá 2004"]
[Site "Calviá ESP"]
[Date "2004.10.27"]
[Round "12.30"]
[White "Abolianin, Arthur"]
[Black "Jones, Richard S"]
[Result "1-0"]
[WhiteElo "2412"]
[BlackElo "2297"]
[PlyCount "49"]
[EventDate "2004.10.15"]
[EventType "team"]
[EventRounds "14"]
[EventCountry "ESP"]
[Source "lmi"]
[SourceDate "2004.10.27"]

1. c4 Nf6 2. Nc3 g6 3. g3 Bg7 4. Bg2 O-O 5. Nf3 d6 6. O-O e5 7. Rb1 a5 8. a3 h6
9. b4 axb4 10. axb4 e4 11. Ne1 Bf5 12. d3 Re8 13. Nc2 Qd7 14. b5 Bh3 15. Ne3
Re5 16. Ncd5 Nxd5 17. Nxd5 Ra2 18. d4 Bxg2 19. Kxg2 Rh5 20. Nf4 Rf5 21. Qb3 g5
22. Qxa2 gxf4 23. Bxf4 Bxd4 24. Qa8 Qc8 25. b6 1-0

[Event "Olimpiada Calviá 2004"]
[Site "Calviá ESP"]
[Date "2004.10.27"]
[Round "12.30"]
[White "Kett, T."]
[Black "Van Beers, Eddy"]
[Result "0-1"]
[WhiteElo "2196"]
[BlackElo "2383"]
[PlyCount "146"]
[EventDate "2004.10.15"]
[EventType "team"]
[EventRounds "14"]
[EventCountry "ESP"]
[Source "lmi"]
[SourceDate "2004.10.27"]

1. e4 c5 2. Nf3 d6 3. d4 cxd4 4. Nxd4 Nf6 5. Nc3 a6 6. Bc4 b5 7. Bb3 e6 8. Bg5
Be7 9. Qf3 Qc7 10. O-O-O Nbd7 11. e5 Bb7 12. Qg3 dxe5 13. Bxe6 fxe6 14. Nxe6
Qc6 15. Nxg7+ Kf7 16. Nf5 Rag8 17. Nxe7 Kxe7 18. Rhe1 h6 19. Nd5+ Kf7 20. Nxf6
Nxf6 21. Qxe5 Re8 22. Qxf6+ Qxf6 23. Bxf6 Kxf6 24. f3 Rxe1 25. Rxe1 Rg8 26. Re2
Rg5 27. c3 Rh5 28. h3 Re5 29. Rd2 Rd5 30. Re2 h5 31. h4 Rd8 32. Kc2 Kf5 33. Re7
Bd5 34. Rg7 Kf6 35. Rg5 Bf7 36. b3 Bg6+ 37. Kc1 Rc8 38. Kd2 Rh8 39. a4 bxa4 40.
bxa4 Rd8+ 41. Kc1 Rc8 42. Kb2 Rb8+ 43. Kc1 Rb1+ 44. Kd2 Rb2+ 45. Ke3 Be8 46. a5
Ra2 47. c4 Bg6 48. g4 Ra3+ 49. Kd4 Rxf3 50. gxh5 Bf5 51. c5 Rd3+ 52. Kc4 Rh3
53. Rg1 Be6+ 54. Kd4 Rxh4+ 55. Kd3 Rxh5 56. Rc1 Ke7 57. Rc3 Rh3+ 58. Kc2 Rh2+
59. Kb1 Ra2 60. Re3 Rxa5 61. Rc3 Kd7 62. Kb2 Kc6 63. Kc2 Rb5 64. Kd3 Rb4 65.
Rc1 a5 66. Rc3 a4 67. Ke3 Bb3 68. Rc1 a3 69. Kd3 a2 70. Ra1 Bd5 71. Kc2 Kxc5
72. Rg1 Rb1 73. Rxb1 Be4+ 0-1

[Event "Olimpiada Calviá 2004"]
[Site "Calviá ESP"]
[Date "2004.10.27"]
[Round "12.30"]
[White "Laurent, Bruno"]
[Black "Rayner, Francis"]
[Result "1/2-1/2"]
[WhiteElo "2335"]
[BlackElo "2212"]
[PlyCount "128"]
[EventDate "2004.10.15"]
[EventType "team"]
[EventRounds "14"]
[EventCountry "ESP"]
[Source "lmi"]
[SourceDate "2004.10.27"]

1. Nf3 Nf6 2. c4 g6 3. Nc3 Bg7 4. d4 O-O 5. Bg5 h6 6. Bh4 d6 7. e3 c5 8. Be2
Bf5 9. O-O g5 10. Bg3 Ne4 11. Nxe4 Bxe4 12. Rc1 Nc6 13. d5 Nb8 14. Bd3 Bxd3 15.
Qxd3 Nd7 16. b3 a6 17. e4 b5 18. Rfe1 Qc7 19. Qe2 bxc4 20. Rxc4 Nb6 21. Rc2 Qd7
22. h4 g4 23. Nd2 f5 24. exf5 Qxf5 25. Qe6+ Qxe6 26. dxe6 Nd5 27. Nc4 Bd4 28.
Ne3 Nxe3 29. fxe3 Bg7 30. h5 Rf6 31. Rc4 Rxe6 32. Rxg4 Rf8 33. Ra4 d5 34. Rf4
d4 35. Rxf8+ Kxf8 36. exd4 Rxe1+ 37. Bxe1 cxd4 38. Kf2 Kf7 39. Kf3 e5 40. Ke4
Ke6 41. g4 Bf8 42. Bd2 Bg7 43. a4 Kd6 44. b4 Kc6 45. g5 hxg5 46. Bxg5 Kd6 47.
h6 Bf8 48. Bd2 Ke6 49. h7 Bg7 50. b5 axb5 51. axb5 Kd6 52. Be1 Kc5 53. Bg3 Kxb5
54. Bxe5 d3 55. Bxg7 d2 56. h8=Q d1=Q 57. Qe8+ Kb4 58. Qb8+ Kc4 59. Qc7+ Kb5
60. Qb7+ Kc4 61. Qc6+ Kb3 62. Qb5+ Ka3 63. Bb2+ Ka2 64. Qd5+ Qxd5+ 1/2-1/2

[Event "Olimpiada Calviá 2004"]
[Site "Calviá ESP"]
[Date "2004.10.27"]
[Round "12.31"]
[White "Galego, Luis"]
[Black "Megaranto, Susanto"]
[Result "1/2-1/2"]
[WhiteElo "2515"]
[BlackElo "2439"]
[PlyCount "102"]
[EventDate "2004.10.15"]
[EventType "team"]
[EventRounds "14"]
[EventCountry "ESP"]
[Source "lmi"]
[SourceDate "2004.10.27"]

1. e4 e6 2. d4 d5 3. exd5 exd5 4. Nf3 Nf6 5. h3 Bd6 6. c4 dxc4 7. Bxc4 O-O 8.
O-O h6 9. Nc3 Nbd7 10. Re1 Nb6 11. Bb3 Re8 12. Ne5 Be6 13. Bc2 Bxe5 14. dxe5
Qxd1 15. Rxd1 Nfd5 16. Nxd5 Nxd5 17. a3 Rad8 18. f4 c6 19. Kf2 Bc8 20. Bd2 f6
21. exf6 Nxf6 22. Ba5 b6 23. Rxd8 Rxd8 24. Bc3 Be6 25. Re1 Kf7 26. Bg6+ Kxg6
27. Rxe6 c5 28. Re7 Rd7 29. Rxd7 Nxd7 30. g4 b5 31. Kf3 Nb6 32. Ke4 Kf7 33. f5
a6 34. h4 Kf8 35. Ke5 a5 36. Ke6 b4 37. axb4 axb4 38. Be1 Nc4 39. Bf2 Nxb2 40.
Bxc5+ Kg8 41. g5 hxg5 42. hxg5 Nd3 43. Bd6 b3 44. f6 b2 45. f7+ Kh7 46. f8=Q
b1=Q 47. Qf5+ Kg8 48. Qf7+ Kh8 49. g6 Qa2+ 50. Kd7 Ne5+ 51. Bxe5 Qe6+ 1/2-1/2

[Event "Olimpiada Calviá 2004"]
[Site "Calviá ESP"]
[Date "2004.10.27"]
[Round "12.31"]
[White "Liu, Dede"]
[Black "Fernandes, Antonio"]
[Result "0-1"]
[WhiteElo "2397"]
[BlackElo "2431"]
[PlyCount "158"]
[EventDate "2004.10.15"]
[EventType "team"]
[EventRounds "14"]
[EventCountry "ESP"]
[Source "lmi"]
[SourceDate "2004.10.27"]

1. e4 d5 2. exd5 Nf6 3. d4 Bg4 4. f3 Bf5 5. c4 e6 6. dxe6 Nc6 7. Be3 Bb4+ 8.
Nc3 Qe7 9. Bd3 Bxe6 10. Kf2 O-O-O 11. Nge2 Rhe8 12. Qd2 Bxc4 13. Bxc4 Ne5 14.
Bd3 Neg4+ 15. fxg4 Nxg4+ 16. Kg1 Nxe3 17. h4 f5 18. Rh3 g6 19. Re1 Ng4 20. Rc1
Kb8 21. Qg5 Qe6 22. Nb5 Ba5 23. Qf4 Qd7 24. Na3 a6 25. Nc4 Bb4 26. Qf3 Bf8 27.
Na5 c6 28. Nc4 Bh6 29. Re1 Qc7 30. Rb1 b5 31. Ne5 Rxe5 32. dxe5 Qb6+ 33. Kh1
Nf2+ 34. Kh2 Ng4+ 35. Kh1 Rxd3 36. Qxd3 Nf2+ 37. Kh2 Ng4+ 38. Kh1 Nf2+ 39. Kh2
Nxd3 40. Rxd3 Qc7 41. Kh1 Qxe5 42. Nd4 Qe4 43. Rbd1 Kb7 44. Nf3 Kb6 45. Rd6 Bf4
46. R6d4 Qc2 47. b4 h6 48. R4d3 g5 49. Nd4 Qc4 50. a3 gxh4 51. Nxf5 a5 52. Rd4
Qc2 53. Nxh4 Bc1 54. R4d3 Bxa3 55. bxa5+ Ka6 56. R1d2 Qc1+ 57. Rd1 Qc2 58. R3d2
Qe4 59. Rd4 Qc2 60. R4d2 Qc5 61. Rd3 Qh5 62. g3 Be7 63. Rd4 c5 64. Rd5 Bg5 65.
Ra1 Qg4 66. Ng2 Qxg3 67. Re1 c4 68. Ree5 Qh3+ 69. Kg1 Qb3 70. Ne1 Bf4 71. Rf5
Qe3+ 72. Kf1 Bg3 73. Ng2 Qe4 74. Kg1 c3 75. Rxb5 Qd4+ 76. Kf1 Qd1+ 77. Ne1
Qxe1+ 78. Kg2 Qe2+ 79. Kxg3 Qxb5 0-1